NETTER'S OBST. ,GYNECOLOGY AND WOMEN'S HEALTH (Record no. 14033)

MARC details
000 -LEADER
fixed length control field 00299nam a22001337a 4500
003 - CONTROL NUMBER IDENTIFIER
control field SGT
082 ## - DEWEY DECIMAL CLASSIFICATION NUMBER
Classification number 618.2
Item number N03S
100 ## - MAIN ENTRY--PERSONAL NAME
Personal name SMITH,ROGER P
245 ## - TITLE STATEMENT
Title NETTER'S OBST. ,GYNECOLOGY AND WOMEN'S HEALTH
250 ## - EDITION STATEMENT
Edition statement 2ND
260 ## - PUBLICATION, DISTRIBUTION, ETC. (IMPRINT)
Place of publication, distribution, etc JERSEY
Name of publisher, distributor, etc ICON LEARNING
Year of Publication 2003
300 ## - PAGE DESCRIPTION
No. of Pages 290
942 ## - ADDED ENTRY ELEMENTS (KOHA)
Source of classification or shelving scheme Dewey Decimal Classification
Koha item type Books
Holdings
Withdrawn status Lost status Source of classification or shelving scheme Damaged status Not for loan Collection code Home library Current library Shelving location Date acquired Vendor Name SGTU Total Checkouts Full call number Accession No. (Barcode) Date last seen Bill Date Koha item type
    Dewey Decimal Classification     MEDICAL SGT Medical Library SGT Medical Library Text Book 20/12/2017 ABC DELHI SGTU   618.2 N03S FM8952 20/12/2017 20/12/2017 Books